000 01221cam a2200325 a 4500
999 _c959
_d959
001 15232586
003 GZU
005 20200917094814.0
008 080325s2008 enkab b 001 0 eng
010 _a 2008013319
015 _aGBA815122
_2bnb
016 7 _a014513449
_2Uk
020 _a9780131753044 (pbk.)
035 _a(OCoLC)ocn191890494
035 _a(OCoLC)191890494
040 _aDLC
_cDLC
_dYDX
_dUKM
_dYDXCP
_dBTCTA
_dDLC
050 0 0 _aGB54.5
_b.INT 2008
245 0 3 _aAn introduction to physical geography and the environment /
_cedited by Joseph Holden.
246 3 0 _aPhysical geography and the environment
250 _a2nd ed.
260 _aHarlow, England ;
_aNew York :
_bPearson Prentice Hall,
_c2008.
300 _axxxi, 762 p. :
_bill. (chiefly col.), col. maps ;
_c28 cm.
500 _aIncludes bibliographical references (p. 733-751) and index.
504 _aIncludes bibliographical references (p. 733-751) and index.
650 0 _aPhysical geography.
700 1 _aHolden, Joseph,
_d1975-
_eeditor
856 4 1 _3Table of contents only
_uhttp://www.loc.gov/catdir/toc/ecip0814/2008013319.html
906 _a7
_bcbc
_corignew
_d1
_eecip
_f20
_gy-gencatlg
942 _2lcc
_cBK
_e2nd ed.
_h54.5
_iINT
_kGB